|
|
|
|
| LEADER |
01228caa a22002534a 4500 |
| 003 |
AR-BeUNQ |
| 005 |
20240823100641.0 |
| 007 |
cr bn |||auuau |
| 008 |
230808s1974 sp s 000 0 spa d |
| 999 |
|
|
|c 37521
|d 121321
|
| 040 |
|
|
|a AR-BeUNQ
|b spa
|c AR-BeUNQ
|e aacr
|
| 100 |
1 |
|
|9 4784
|a Malinowski, Bronisław,
|d 1884-1942
|
| 245 |
1 |
0 |
|a De la encuesta sobre el terreno a la ruptura con el evolucionismo
|h [recurso electrónico] /
|c Bronislaw Malinowski.
|
| 256 |
|
|
|a Datos electrónicos (1 archivo doc)
|
| 300 |
|
|
|a recurso electrónico
|
| 500 |
|
|
|a Material digital editado con un formato accesible para uso exclusivo de personas con discapacidad.
|
| 538 |
|
|
|a Requerimientos del material: Procesador de textos y un lector de pantalla.
|
| 594 |
|
|
|a Maidana, Carolina
|b DIPLOMATURA EN CIENCIAS SOCIALES
|c ANTROPOLOGÍA
|d 2023
|
| 650 |
|
7 |
|a Antropología
|2 spines
|
| 650 |
|
7 |
|a Economía
|2 spines
|
| 650 |
|
7 |
|a Evolucionismo
|2 spines
|
| 773 |
|
|
|a Godelier, Maurice
|t Antropología y economía
|d Barcelona : Anagrama, 1974
|g Pte. 2 (Rupturas y controversias), p. 87-100
|
| 856 |
|
|
|z Para solicitar el texto accesible haga click aquí (sólo para personas con discapacidad)
|u https://biblio.unq.edu.ar/consulte/index.php?a=add
|
| 942 |
|
|
|c TA
|